000 00670nam a22002537a 4500
003 UA-OsUOA
001 32938
007 ta
008 20050224b un ||||| |||| 00| 0 ukr d
100 _aПолзунова Н. Н.
700 _aКраев В. Н.
090 _a338.24
_bП49
942 _cBK
040 _aUA-OsUOA
_brus
_cUA-OsUOA
_dUA-OsUOA
245 _aИсследование систем управления
_bУчеб. пособ. для вузов
300 _a176 с.
955 _a0
041 _arus
080 _a338.24
260 _aМ.
_bАкадемический проект
_c2004
044 _aRU
650 7 _2UDC
999 _c319393
_d319393